| 000 | 00777nam a2200253 a 4500 | ||
|---|---|---|---|
| 999 |
_c102357 _d102357 |
||
| 003 | UPN | ||
| 005 | 20240228063845.0 | ||
| 008 | 031015s1998 mx r 000 0 spa d | ||
| 020 | _a9681658353 | ||
| 035 | _aUPN01000130200 | ||
| 040 |
_aUPN _bspa _cUPN |
||
| 049 | _aI | ||
| 050 | 4 |
_aPZ71 _bL4.2 |
|
| 100 | 1 | _aLehmann, Christian | |
| 245 | 1 | 3 |
_aEl cocodrilo de la tina / _cChristian Lehmann ; il. Juan Gedovius ; tr. Diana Luz Sánchez. |
| 260 |
_aMéxico : _bFCE, _c1998. |
||
| 300 |
_a38 p. : _bil. |
||
| 440 | 0 |
_aA la orilla del viento. _pPara los que empiezan a leer ; _v114 |
|
| 534 |
_pTraducción de: _tLe crocodile de la bonde |
||
| 650 | 4 |
_aCuentos infantiles _96744 |
|
| 650 | 4 |
_aLibros y lectura para niños _92290 |
|
| 905 | _aInfantil | ||
| 942 |
_2lcc _cLIBRO |
||